<?xml version="1.0" encoding="UTF-8"?>
<record
    xmlns:xsi="http://www.w3.org/2001/XMLSchema-instance"
    xsi:schemaLocation="http://www.loc.gov/MARC21/slim http://www.loc.gov/standards/marcxml/schema/MARC21slim.xsd"
    xmlns="http://www.loc.gov/MARC21/slim">

  <leader>00867nam a22001937a 4500</leader>
  <controlfield tag="005">20110801115042.0</controlfield>
  <datafield tag="010" ind1=" " ind2=" ">
    <subfield code="a">B-423722</subfield>
  </datafield>
  <datafield tag="020" ind1=" " ind2=" ">
    <subfield code="a">9788173053849</subfield>
    <subfield code="c">595.00</subfield>
  </datafield>
  <datafield tag="035" ind1=" " ind2=" ">
    <subfield code="a">B-423722</subfield>
  </datafield>
  <datafield tag="082" ind1=" " ind2=" ">
    <subfield code="a">811.09</subfield>
  </datafield>
  <datafield tag="245" ind1=" " ind2=" ">
    <subfield code="a">The concept of rasa:</subfield>
    <subfield code="b">with special references to Ahbinavagupta</subfield>
    <subfield code="c">edited by S.C. Pande </subfield>
  </datafield>
  <datafield tag="260" ind1=" " ind2=" ">
    <subfield code="a">New Delhi</subfield>
    <subfield code="b">Aryan Books International </subfield>
    <subfield code="c">2009</subfield>
  </datafield>
  <datafield tag="270" ind1=" " ind2=" ">
    <subfield code="a">Pooja Apartments, 4B, Ansari Road, </subfield>
    <subfield code="b">New Delhi</subfield>
    <subfield code="e">110002</subfield>
  </datafield>
  <datafield tag="300" ind1=" " ind2=" ">
    <subfield code="a">xxvi, 261p</subfield>
    <subfield code="c">24cm(Hb)</subfield>
  </datafield>
  <datafield tag="700" ind1=" " ind2=" ">
    <subfield code="a">Pande, S.C. </subfield>
    <subfield code="9">30624</subfield>
  </datafield>
  <datafield tag="942" ind1=" " ind2=" ">
    <subfield code="2">ddc</subfield>
    <subfield code="c">EN</subfield>
    <subfield code="m">CON</subfield>
    <subfield code="h">811.09</subfield>
  </datafield>
  <datafield tag="999" ind1=" " ind2=" ">
    <subfield code="c">54600</subfield>
    <subfield code="d">54600</subfield>
  </datafield>
  <datafield tag="952" ind1=" " ind2=" ">
    <subfield code="0">0</subfield>
    <subfield code="1">0</subfield>
    <subfield code="4">0</subfield>
    <subfield code="7">0</subfield>
    <subfield code="8">NFIC</subfield>
    <subfield code="a">L</subfield>
    <subfield code="b">L</subfield>
    <subfield code="d">2011-08-11</subfield>
    <subfield code="e">Allied Publishers/CR/0002704/17.3.11/75/4.3.11/17.3.11</subfield>
    <subfield code="g">595.00</subfield>
    <subfield code="l">0</subfield>
    <subfield code="o">811.09 CON</subfield>
    <subfield code="p">B-423722</subfield>
    <subfield code="r">2011-08-11 00:00:00</subfield>
    <subfield code="t">1</subfield>
    <subfield code="v">595.00</subfield>
    <subfield code="w">2011-08-11</subfield>
    <subfield code="y">EN</subfield>
  </datafield>
</record>
